| 000 | 00368nam a2200133Ia 4500 | ||
|---|---|---|---|
| 008 | 240624s9999 xx 000 0 und d | ||
| 041 | _aeng | ||
| 082 | _a658.4 DRU | ||
| 100 | _aDRUCKER PETER FERDINAND | ||
| 245 | _aCLASSIC DRUCKER FROM THE PAGES OF HARVAR | ||
| 260 |
_c2008 _aBoston _bHarvard Business School Press |
||
| 300 | _a221 : p. : cm. ; 21 | ||
| 365 |
_c _b30 |
||
| 999 |
_c11060 _d11060 |
||